30 Cities Furthest from a Larger City - Statistics

General Stats
  • This quiz has been taken 106 times
  • The average score is 18 of 30
Answer Stats
D (km) CITY % Correct
4,177 Moscow
92%
2,903 Tokyo
89%
2,508 London
84%
2,899 Cairo
78%
11,319 Mexico City
77%
3,360 New York
77%
5,380 Sydney
76%
3,654 Delhi
73%
3,319 Jakarta
72%
4,483 Johannesburg
72%
7,423 São Paulo
70%
1,869 Bogotá
69%
6,366 Lagos
69%
1,674 Buenos Aires
68%
2,479 Los Angeles
68%
3,130 Lima
66%
2,729 Perth
64%
1,533 Bangkok
59%
1,913 Tehran
59%
- Guangzhou
58%
2,161 Auckland
57%
1,781 Kinshasa
57%
1,484 Miami
42%
1,800 Dakar
36%
1,692 Ürümqi
31%
1,606 Khartoum
30%
3,852 Honolulu
27%
1,610 Antananarivo
26%
2,453 Dar es Salaam
24%
1,630 Recife
20%
No matching quizzes found
Score Distribution
Percent of People with Each Score
Percentile by Number Answered
Your Score History
You have not taken this quiz